000 00912nam a2200181Ia 4500
008 090124s9999 xx 000 0 und d
082 _b44319
100 _aकुकडे-लवळेकर अनघा
245 _a सामाजिक जाणीव संवर्धन..प्रयोगातून प्रशिक्षणाकडे
250 _a1
260 _b"ज्ञान प्रबोधिनी, पुणे"
_c2004
300 _a132
600 _aकुकडे-लवळेकर अनघा
630 _a सामाजिक जाणीव संवर्धन..प्रयोगातून प्रशिक्षणाकडे
700 _aकुकडे-लवळेकर अनघा
730 _a सामाजिक जाणीव संवर्धन..प्रयोगातून प्रशिक्षणाकडे
942 _cBOOK
999 _c110529
_d110529